Quyền, nghĩa vụ và trách nhiệm của tổ chức, cá nhân về bảo vệ môi trường
Sách gồm 2 phần: phần 1 giới thiệu những quy định chung về quyền, nghĩa vụ và trách nhiệm của tổ chức, cá nhân về bảo vệ môi trường; phần 2 giới thiệu những quy định cụ thể.
保存先:
| 第一著者: | |
|---|---|
| フォーマット: | 図書 |
| 言語: | Undetermined |
| 出版事項: |
Hà Nội
Tư pháp
2005
|
| 主題: | |
| タグ: |
タグ追加
タグなし, このレコードへの初めてのタグを付けませんか!
|
| Thư viện lưu trữ: | Trung tâm Học liệu Trường Đại học Cần Thơ |
|---|
| LEADER | 01002nam a2200217Ia 4500 | ||
|---|---|---|---|
| 001 | CTU_119538 | ||
| 008 | 210402s9999 xx 000 0 und d | ||
| 020 | |c 23000 | ||
| 082 | |a 344.597046 | ||
| 082 | |b S464 | ||
| 100 | |a Lê, Minh Sơn | ||
| 245 | 0 | |a Quyền, nghĩa vụ và trách nhiệm của tổ chức, cá nhân về bảo vệ môi trường | |
| 245 | 0 | |c Lê Minh Sơn chủ biên ...[et al.] | |
| 260 | |a Hà Nội | ||
| 260 | |b Tư pháp | ||
| 260 | |c 2005 | ||
| 520 | |a Sách gồm 2 phần: phần 1 giới thiệu những quy định chung về quyền, nghĩa vụ và trách nhiệm của tổ chức, cá nhân về bảo vệ môi trường; phần 2 giới thiệu những quy định cụ thể. | ||
| 650 | |a Environmental law,Environmental policy,Environmental protection | ||
| 650 | |z Vietnam,Vietnam,Vietnam | ||
| 904 | |i Tuyến | ||
| 980 | |a Trung tâm Học liệu Trường Đại học Cần Thơ | ||